000 01204nam a2200301Ia 4500
003 GCL
008 140319s9999 xx 000 0 ara d
020 _a0226005977
040 _aGCL /
_cGCL
082 0 4 _a355.02
_bو ا
100 1 _aوليد نبيل على
245 1 0 _aاستراتيجية الصراعات والحروب البشرية :
_bمنظور جغرافى /
_cوليد نبيل على
260 _aالقاهرة :
_bمكتبة الانجلوالمصرية ،
_c2006
300 _a202 ص ؛
_c24 سم
650 0 4 _aالتاريخ الحربى
650 0 4 _aالمنازعات الدولية
650 0 4 _aالتاريخ الحربى الوسيط
650 0 4 _aالكشوف الجغرافية
650 0 4 _aالحرب العالمية الاولى 1914- 1918
650 0 4 _aالحرب العالمية الثانية 1939 - 1945
650 0 4 _aالحروب - تاريخ
650 0 4 _aالتاريخ الحربى القديم
650 0 4 _aاحداث 11 سبتمبر
650 0 4 _aالصراع الاجتماعى والجريمة
650 0 4 _aالحرب - تاثيرات اجتماعية
650 0 4 _aالحروب - الاثار الناتجة عن
942 _2ddc
_cBK
999 _c9816
_d9816